Géographie en C - Statistiques

Statistiques générales
  • Ce quiz a été pris 309 fois
    292 depuis la dernière actualisation
  • Le résultat moyen est 14 sur 20
Statistiques - réponses
Hint Réponse % Correct
Le deuxième pays le plus peuplé du Monde Chine
95%
Etat comportant les villes de San Francisco et Los Angeles Californie
94%
Région ayant Barcelone comme chef-lieu Catalogne
93%
Ile d'où vient Napoléon Corse
92%
Capitale du nord de l'Europe Copenhague
88%
La plus grande île de Grèce Crête
88%
Pays d'Asie célèbre pour son économie high-tech et comptant l'une des quatre aires métropolitaine les plus peuplées. Corée du Sud
86%
L'un des plus grands fleuves d'Afrique donnant son nom à 2 pays Congo
84%
Archipel situé au large de la côte ouest de l'Afrique Cap-Vert
81%
Capitale du Vénézuela Caracas
78%
Préfecture du Calvados Caen
76%
Grande ville des États-Unis située au bord du lac Michigan, connu pour sa scène jazz Chicago
75%
Côte française célèbre pour ses stations balnéaires Côte d'Azur
75%
Mer bordant la Russie, l'Iran ou encore le Kazakhstan Mer Caspienne
75%
Le plus grand amphitéâtre jamais construit Le Colisée
73%
Ancienne cité-État située en Tunisie, célèbre pour ses guerres contre Rome pendant l'Antiquité. Carthage
70%
Chaîne de montagnes située entre l'Europe et l'Asie, marquant la frontière entre la Russie et le Moyen-Orient Caucase
67%
Petite île italienne dans la mer Méditerranée, célèbre pour ses grottes marines. Capri
26%
Chaîne de Montagne du Massif Central Cévennes
19%
L'un des plus grands volcans du Monde situé en Equateur Cotopaxi
2%
Aucun quiz correspondant
Distribution des résultats
% des personnes avec chaque résultat
Percentile par nombre de réponses
Votre historique - résultats
Vous n’avez pas pris ce quiz depuis la dernière actualisation